[Event "VIII Open A"]
[Site "Vicenza ITA"]
[Date "2004.10.10"]
[Round "5"]
[White "Faccia, Sergio"]
[Black "Cora', Massimo"]
[Result "0-1"]
[WhiteElo "2005"]
[BlackElo "1898"]
[PlyCount "50"]
[EventDate "2004.10.02"]

1. e4 g5 2. d4 h6 3. f4 Bg7 4. f5 d5 5. e5 Bxf5 6. Bd3 Qd7 7. Nc3 c5 8. Be3 Nc6
9. Bxf5 Qxf5 10. Nxd5 O-O-O 11. c4 cxd4 12. Bd2 Nxe5 13. Nf3 Nd3+ 14. Ke2 Rd6
15. Qa4 Re6+ 16. Kf1 Nf6 17. Qxa7 Nxd5 18. cxd5 Ra6 19. Rc1+ Nxc1 20. Qc5+ Kb8
21. Qxc1 Rc8 22. Qe1 g4 23. Qg3+ Ka8 24. Kg1 gxf3 25. Qxg7 fxg2 0-1

[Event "VIII Open A"]
[Site "Vicenza ITA"]
[Date "2004.10.10"]
[Round "5"]
[White "Opacic, Alexandar"]
[Black "Zarpellon, Daniel"]
[Result "1/2-1/2"]
[WhiteElo "2105"]
[BlackElo "1985"]
[PlyCount "108"]
[EventDate "2004.10.02"]

1. e4 d6 2. d4 e5 3. Nf3 exd4 4. Nxd4 g6 5. Nc3 Bg7 6. Bc4 Nf6 7. Bg5 Nc6 8.
Nde2 Be6 9. Bb3 Bxb3 10. axb3 Qd7 11. h3 O-O 12. O-O Rfe8 13. Ng3 a6 14. Qd2 h5
15. Rfe1 Nh7 16. Be3 Bxc3 17. Qxc3 h4 18. Nf1 Rxe4 19. Bh6 f5 20. Rxe4 fxe4 21.
Ne3 Re8 22. Ng4 Ne5 23. Nxe5 Rxe5 24. Rd1 Qe7 25. Be3 Nf6 26. Qb4 Rb5 27. Qc3
Qf7 28. Ra1 Nd5 29. Qd4 Nxe3 30. Qxe3 Re5 31. Qa7 Rb5 32. Qb8+ Kg7 33. Qd8 g5
34. Re1 Re5 35. Qc8 c6 36. Qg4 d5 37. c3 Qf5 38. Qh5 Qf4 39. Qd1 Re6 40. Qd4+
Rf6 41. b4 g4 42. hxg4 Qxg4 43. Re3 Qg5 44. Rh3 Qc1+ 45. Kh2 Qxb2 46. f3 Qc1
47. Rxh4 Kf7 48. fxe4 Rh6 49. exd5 Rxh4+ 50. Qxh4 cxd5 51. Qh7+ Kf6 52. Qd3
Qf4+ 53. Kg1 Qc1+ 54. Kf2 Qb2+ 1/2-1/2

[Event "VIII Open A"]
[Site "Vicenza ITA"]
[Date "2004.10.10"]
[Round "5"]
[White "Petruk, Mykola"]
[Black "De Napoli, Giuseppe"]
[Result "1-0"]
[WhiteElo "2009"]
[BlackElo "2097"]
[PlyCount "73"]
[EventDate "2004.10.02"]

1. d4 Nf6 2. c4 g6 3. Nc3 Bg7 4. e4 d6 5. f3 Nc6 6. d5 Nb8 7. Bd3 c6 8. Nge2
Nfd7 9. Be3 Ne5 10. O-O O-O 11. Rc1 Nbd7 12. b3 Qa5 13. Bb1 Re8 14. h3 Nc5 15.
f4 Ned7 16. Nd4 Qc7 17. b4 Na6 18. a3 Nab8 19. Qb3 c5 20. Ndb5 Qb6 21. Na4 Qd8
22. bxc5 Nxc5 23. Nxc5 dxc5 24. Bxc5 a6 25. Nc3 e5 26. Bb6 Qh4 27. f5 gxf5 28.
exf5 e4 29. Nxe4 Rxe4 30. Bxe4 Qxe4 31. f6 Bf8 32. Rce1 Qg6 33. Rf3 Qh6 34.
Rg3+ Kh8 35. Re8 Nd7 36. Qb4 a5 37. Qe7 1-0

[Event "VIII Open A"]
[Site "Vicenza ITA"]
[Date "2004.10.10"]
[Round "5"]
[White "Roberti, Ignazio"]
[Black "Rostolis, Riccardo"]
[Result "0-1"]
[WhiteElo "1960"]
[BlackElo "1748"]
[PlyCount "130"]
[EventDate "2004.10.02"]

1. e4 d5 2. exd5 Nf6 3. d4 Nxd5 4. c4 Nb6 5. Nf3 Bg4 6. Be2 e6 7. Bg5 Be7 8.
Be3 Nc6 9. b3 Bb4+ 10. Nbd2 Bc3 11. Rc1 Bxf3 12. Rxc3 Bxe2 13. Qxe2 Nxd4 14.
Qh5 Nf5 15. O-O Qh4 16. Qf3 O-O-O 17. Ne4 Nxe3 18. fxe3 Rhf8 19. Nc5 c6 20. b4
Nd7 21. Nd3 Qf6 22. Rfc1 Qxf3 23. gxf3 e5 24. a4 Rfe8 25. e4 g6 26. c5 f5 27.
Nf2 Nf6 28. b5 fxe4 29. bxc6 bxc6 30. Nxe4 Nxe4 31. fxe4 Rd7 32. Rb1 Red8 33.
Rh3 Rd1+ 34. Rxd1 Rxd1+ 35. Kf2 Rd7 36. Ra3 Rd4 37. Rh3 Rxe4 38. Rxh7 Rxa4 39.
Re7 e4 40. Re6 Kb7 41. Rxg6 Rc4 42. Ke3 a5 43. h4 Rxc5 44. Kxe4 Rc4+ 45. Kd3
Rxh4 46. Kc3 Rb4 47. Rg5 Kb6 48. Rg8 Kb5 49. Rg5+ Ka4 50. Rc5 Rb1 51. Rh5 Rb5
52. Rh1 Rb4 53. Rh5 Rg4 54. Rc5 Rg1 55. Rh5 c5 56. Rh4+ Kb5 57. Rh8 Rg3+ 58.
Kb2 Ka4 59. Rh5 c4 60. Rh4 Kb4 61. Rf4 Rg2+ 62. Kb1 Kb3 63. Kc1 c3 64. Rf1 Ra2
65. Kb1 c2+ 0-1

[Event "VIII Open A"]
[Site "Vicenza ITA"]
[Date "2004.10.10"]
[Round "5"]
[White "Ventura, Boris"]
[Black "Giuriato, Sergio"]
[Result "1-0"]
[WhiteElo "2179"]
[BlackElo "2020"]
[PlyCount "53"]
[EventDate "2004.10.02"]

1. e4 Nc6 2. Nf3 d6 3. d4 Nf6 4. Nc3 Bg4 5. d5 Nb8 6. h3 Bh5 7. Bc4 a6 8. a4
Nbd7 9. g4 Bg6 10. Qe2 Nb6 11. Bb3 Nfd7 12. a5 Nc8 13. Be3 f6 14. Nd4 Nc5 15.
Ne6 Nxe6 16. dxe6 c6 17. f4 h6 18. f5 Bh7 19. g5 Qc7 20. g6 Bg8 21. Qc4 d5 22.
Nxd5 Qg3+ 23. Bf2 Qf3 24. Ba4 Qxh1+ 25. Ke2 Qxa1 26. Bxc6+ Kd8 27. Ba4 1-0

[Event "VIII Open A"]
[Site "Vicenza ITA"]
[Date "2004.10.10"]
[Round "5"]
[White "Verducci, Gianni"]
[Black "Gennari, Leone"]
[Result "1-0"]
[WhiteElo "2045"]
[BlackElo "2079"]
[PlyCount "113"]
[EventDate "2004.10.02"]

1. e4 e6 2. d4 d5 3. Nc3 Bb4 4. e5 c5 5. Bd2 Ne7 6. a3 cxd4 7. Nb5 Bxd2+ 8.
Qxd2 O-O 9. Nxd4 Nbc6 10. Ngf3 Qc7 11. Nxc6 Nxc6 12. Qg5 f6 13. exf6 Rxf6 14.
Bd3 Bd7 15. O-O Raf8 16. Rae1 a6 17. h3 Rh6 18. Ne5 Nxe5 19. Rxe5 Qb6 20. b3
Bb5 21. c4 dxc4 22. bxc4 Bc6 23. Re3 Qd4 24. Rfe1 Rhf6 25. R1e2 h6 26. Qe5 Qh4
27. Rg3 g5 28. Be4 Qf4 29. Qxf4 Rxf4 30. Bxc6 bxc6 31. Rxe6 Rxc4 32. Rxh6 Rc1+
33. Kh2 Rxf2 34. Rxg5+ Kf7 35. Rh7+ Kf6 36. Rhg7 Rcc2 37. h4 Rf4 38. Kh3 Rf1
39. R7g6+ Kf7 40. Rg7+ Kf6 41. Kh2 Rcc1 42. Kg3 Rc3+ 43. Kg4 Rxa3 44. R7g6+ Kf7
45. Rxc6 a5 46. Rb5 Kg7 47. Rb7+ Rf7 48. Rxf7+ Kxf7 49. Ra6 a4 50. Kf4 Ra1 51.
g4 a3 52. Kg5 a2 53. Ra7+ Kg8 54. h5 Kf8 55. h6 Kg8 56. Kg6 Kf8 57. h7 1-0

[Event "VIII Open A"]
[Site "Vicenza ITA"]
[Date "2004.10.10"]
[Round "6"]
[White "Cora', Massimo"]
[Black "Opacic, Alexandar"]
[Result "1/2-1/2"]
[WhiteElo "1898"]
[BlackElo "2105"]
[PlyCount "30"]
[EventDate "2004.10.02"]

1. d4 Nf6 2. c4 g6 3. Nc3 Bg7 4. e4 d6 5. f3 O-O 6. Be3 Nbd7 7. Qd2 Re8 8. Nge2
e5 9. d5 a5 10. g4 Nc5 11. Ng3 c6 12. h4 cxd5 13. cxd5 b6 14. h5 Ba6 15. O-O-O
a4 1/2-1/2

[Event "VIII Open A"]
[Site "Vicenza ITA"]
[Date "2004.10.10"]
[Round "6"]
[White "Danieli, Enrico"]
[Black "Petruk, Mykola"]
[Result "1/2-1/2"]
[WhiteElo "2142"]
[BlackElo "2009"]
[PlyCount "79"]
[EventDate "2004.10.02"]

1. d4 d5 2. Nf3 Nf6 3. e3 Bg4 4. Be2 e6 5. O-O Bd6 6. b3 Nbd7 7. Bb2 O-O 8.
Nbd2 c6 9. c4 Rc8 10. h3 Bh5 11. Ne5 Bxe2 12. Qxe2 Ne4 13. Nxe4 dxe4 14. Nxd7
Qxd7 15. Qc2 f5 16. f3 exf3 17. Rxf3 Rf7 18. Raf1 Rcf8 19. e4 fxe4 20. Qxe4
Rxf3 21. Rxf3 Rxf3 22. Qxf3 Qf7 23. Qxf7+ Kxf7 24. Kf2 Be7 25. Bc1 Bf6 26. Be3
a6 27. Kf3 Bd8 28. Ke4 Bc7 29. Bf4 Bd8 30. Bd6 Bf6 31. d5 exd5+ 32. cxd5 Bd8
33. dxc6 bxc6 34. Kd4 Bb6+ 35. Ke5 Bf2 36. Ke4 Ke6 37. Be5 g6 38. Bd4 Bg3 39.
Be3 Be5 40. Bd4 1/2-1/2

[Event "VIII Open A"]
[Site "Vicenza ITA"]
[Date "2004.10.10"]
[Round "6"]
[White "De Mori, Michele"]
[Black "Dvirnyy, Danyyil"]
[Result "1-0"]
[WhiteElo "1928"]
[BlackElo "2087"]
[PlyCount "61"]
[EventDate "2004.10.02"]

1. d4 Nf6 2. Nf3 g6 3. e3 Bg7 4. Be2 d6 5. b3 O-O 6. Bb2 Nbd7 7. Nc3 c6 8. a4
e5 9. dxe5 dxe5 10. e4 Qa5 11. O-O Rd8 12. Nd2 Nc5 13. Qe1 Qc7 14. Bc4 Be6 15.
Qe3 Ng4 16. Qxc5 Bf8 17. Nb5 Qb8 18. Nd6 Bxd6 19. Qa5 b6 20. Qc3 Bxc4 21. Nxc4
f6 22. Qf3 f5 23. Rad1 Bc7 24. exf5 Nxh2 25. Qh3 Nxf1 26. fxg6 hxg6 27. Qe6+
Kg7 28. Nxe5 Bxe5 29. Bxe5+ Kh6 30. Qh3+ Kg5 31. f4# 1-0

[Event "VIII Open A"]
[Site "Vicenza ITA"]
[Date "2004.10.10"]
[Round "6"]
[White "De Napoli, Giuseppe"]
[Black "Gennari, Leone"]
[Result "1-0"]
[WhiteElo "2097"]
[BlackElo "2079"]
[PlyCount "73"]
[EventDate "2004.10.02"]

1. d4 Nf6 2. c4 g6 3. Nc3 Bg7 4. e4 d6 5. f3 O-O 6. Be3 Nbd7 7. Bd3 c5 8. Nge2
a6 9. O-O Qc7 10. Rc1 e6 11. b3 Nh5 12. d5 e5 13. g4 Nhf6 14. Ng3 Kh8 15. Qd2
Ng8 16. h4 h6 17. Kg2 Rb8 18. Rh1 Kh7 19. Rh2 Nb6 20. Nd1 Bd7 21. Nf2 Nc8 22.
Nh3 b5 23. h5 g5 24. Bxg5 hxg5 25. Nxg5+ Kh8 26. h6 Bf6 27. Nh3 Nb6 28. g5 Be7
29. Nf5 Bxf5 30. exf5 bxc4 31. bxc4 Na4 32. Rc2 Nxh6 33. f6 Rg8 34. Nf2 Bf8 35.
Ng4 Rg6 36. Bxg6 fxg6 37. Nxh6 1-0

[Event "VIII Open A"]
[Site "Vicenza ITA"]
[Date "2004.10.10"]
[Round "6"]
[White "Drezzadore, Dario"]
[Black "Rostolis, Riccardo"]
[Result "1-0"]
[WhiteElo "1841"]
[BlackElo "1748"]
[PlyCount "81"]
[EventDate "2004.10.02"]

1. e4 d5 2. exd5 Nf6 3. Nc3 Nxd5 4. Bc4 Nb6 5. Bb3 Nc6 6. h3 Bf5 7. d3 e6 8.
Bf4 Bd6 9. Qd2 Nd4 10. Nge2 Nxb3 11. axb3 Bxf4 12. Qxf4 O-O 13. O-O Bg6 14.
Rfe1 Nd7 15. Nb5 e5 16. Qc4 a6 17. Nbc3 Kh8 18. Ng3 f5 19. Qb4 b5 20. Nd5 c5
21. Qd2 Nf6 22. Nxf6 Qxf6 23. Qc3 f4 24. Ne4 Bxe4 25. Rxe4 Rae8 26. Rae1 f3 27.
g3 Qf5 28. Kh2 b4 29. Qc4 Rf6 30. R1e3 Rh6 31. Rh4 Rxh4 32. Qxh4 g5 33. Qc4 h5
34. Qd5 g4 35. h4 Qf6 36. Qxc5 Re6 37. Qxb4 e4 38. d4 Rb6 39. Qc5 Rc6 40. Qxh5+
Kg7 41. Qxg4+ 1-0

[Event "VIII Open A"]
[Site "Vicenza ITA"]
[Date "2004.10.10"]
[Round "6"]
[White "Giuriato, Sergio"]
[Black "Cracco, Pietro"]
[Result "1/2-1/2"]
[WhiteElo "2020"]
[BlackElo "2000"]
[PlyCount "40"]
[EventDate "2004.10.02"]

1. e4 e6 2. d3 c5 3. g3 Nc6 4. Bg2 Be7 5. Nf3 Nf6 6. O-O O-O 7. Nbd2 d5 8. Re1
Qc7 9. c3 b5 10. Nf1 Bd7 11. e5 Ne8 12. h4 Rb8 13. N1h2 b4 14. Qe2 bxc3 15.
bxc3 d4 16. c4 Nb4 17. a3 Nc6 18. Bg5 Bxg5 19. Nxg5 h6 20. Nh3 Ne7 1/2-1/2

[Event "VIII Open A"]
[Site "Vicenza ITA"]
[Date "2004.10.10"]
[Round "6"]
[White "Luciani, Valerio"]
[Black "Lain, Luigi"]
[Result "1/2-1/2"]
[WhiteElo "2182"]
[BlackElo "2262"]
[PlyCount "47"]
[EventDate "2004.10.02"]

1. d4 d5 2. c4 e6 3. Nc3 Nf6 4. cxd5 exd5 5. Bg5 Nbd7 6. e3 Be7 7. Qc2 c6 8.
Bd3 O-O 9. Nge2 Re8 10. O-O Nf8 11. f3 g6 12. e4 dxe4 13. fxe4 Ne6 14. Bxf6
Bxf6 15. d5 Nc5 16. Rad1 Nxd3 17. Rxd3 Bg4 18. Ng3 Qb6+ 19. Kh1 Be5 20. h3 Bd7
21. Rdf3 Rf8 22. Nge2 Rac8 23. Qd2 Rce8 24. b3 1/2-1/2

[Event "VIII Open A"]
[Site "Vicenza ITA"]
[Date "2004.10.10"]
[Round "6"]
[White "Martinello, Christian"]
[Black "Casciello, Dimitri"]
[Result "1-0"]
[WhiteElo "1949"]
[BlackElo "1856"]
[PlyCount "94"]
[EventDate "2004.10.02"]

1. d4 Nf6 2. Bf4 g6 3. Nc3 Bg7 4. Qd2 h5 5. e4 d6 6. h3 c6 7. Bd3 Qb6 8. e5
dxe5 9. dxe5 Nd5 10. Nxd5 cxd5 11. c3 Nd7 12. Be3 Qc6 13. f4 Nc5 14. Bxc5 Qxc5
15. Nf3 Bd7 16. Nd4 e6 17. Qc2 Qe7 18. g3 Bh6 19. O-O a6 20. a4 Rg8 21. Qe2 Qc5
22. Kh2 Bf8 23. f5 Be7 24. fxg6 fxg6 25. Bxg6+ Kd8 26. Bf7 Rg5 27. h4 Rg4 28.
Bxe6 Re4 29. Qxh5 Qb6 30. Bxd7 Qxb2+ 31. Kh3 Qxc3 32. Rac1 Rxh4+ 33. Qxh4 Qxc1
34. Rxc1 Bxh4 35. gxh4 Kxd7 36. Rc5 Ke7 37. Rxd5 Rc8 38. Kg4 Rc4 39. a5 Rc1 40.
Rd6 Rc5 41. Kf5 Rxa5 42. Rb6 Ra1 43. Rxb7+ Kf8 44. Kf6 Rf1+ 45. Nf5 Ke8 46. e6
Kd8 47. e7+ Kc8 1-0

[Event "VIII Open A"]
[Site "Vicenza ITA"]
[Date "2004.10.10"]
[Round "6"]
[White "Quaranta, Cristiano"]
[Black "Ventura, Boris"]
[Result "1-0"]
[WhiteElo "2091"]
[BlackElo "2179"]
[PlyCount "87"]
[EventDate "2004.10.02"]

1. d4 d5 2. Nf3 Nc6 3. Nbd2 Bf5 4. e3 Nb4 5. Bb5+ c6 6. Ba4 b5 7. a3 Na6 8. Bb3
e6 9. Qe2 Nf6 10. Ne5 Qb6 11. g4 Bg6 12. h4 h5 13. Nxg6 fxg6 14. g5 Nd7 15. c3
Bd6 16. Bc2 Nf8 17. e4 O-O-O 18. O-O Kb7 19. e5 Be7 20. b4 Nc7 21. Nb3 Na8 22.
a4 a6 23. axb5 axb5 24. Be3 Kc7 25. Ra2 Kd7 26. Nc5+ Ke8 27. Ra6 Bxc5 28. Rxb6
Bxb6 29. Bd3 Kf7 30. Ra1 Nc7 31. Qa2 Rb8 32. f4 Rd8 33. Qc2 Re8 34. Rf1 Rg8 35.
f5 gxf5 36. Bxf5 Ke7 37. Bg6 Nxg6 38. Qxg6 Ref8 39. Rxf8 Kxf8 40. Qxh5 g6 41.
Qf3+ Kg7 42. Qf6+ Kh7 43. h5 Ba7 44. Qf7+ 1-0

[Event "VIII Open A"]
[Site "Vicenza ITA"]
[Date "2004.10.10"]
[Round "6"]
[White "Rossi, Gianni"]
[Black "Paler, Adrian"]
[Result "1-0"]
[WhiteElo "2187"]
[BlackElo "1942"]
[PlyCount "39"]
[EventDate "2004.10.02"]

1. d4 d5 2. e4 dxe4 3. Nc3 Nf6 4. f3 exf3 5. Nxf3 e6 6. Bg5 Be7 7. Bd3 Nc6 8.
O-O O-O 9. Kh1 Nb4 10. Bc4 b6 11. a3 Nbd5 12. Qe1 Bb7 13. Qh4 Re8 14. Bd3 g6
15. Ne5 Rf8 16. Rae1 Nxc3 17. bxc3 Nd5 18. Nxf7 Rxf7 19. Rxf7 Kxf7 20. Qxh7+
1-0

[Event "VIII Open A"]
[Site "Vicenza ITA"]
[Date "2004.10.10"]
[Round "6"]
[White "Verducci, Gianni"]
[Black "Cacco, Christian"]
[Result "0-1"]
[WhiteElo "2045"]
[BlackElo "2280"]
[PlyCount "30"]
[EventDate "2004.10.02"]

1. e4 g6 2. Nf3 Bg7 3. Bc4 d6 4. Nc3 a6 5. a4 b6 6. O-O e6 7. d3 Nd7 8. Bg5 Ne7
9. Qd2 h6 10. Bh4 g5 11. Bg3 Ng6 12. Ne1 h5 13. f4 h4 14. f5 hxg3 15. fxg6 Bd4+
0-1

[Event "VIII Open A"]
[Site "Vicenza ITA"]
[Date "2004.10.10"]
[Round "6"]
[White "Zarpellon, Daniel"]
[Black "Faccia, Sergio"]
[Result "1/2-1/2"]
[WhiteElo "1985"]
[BlackElo "2005"]
[PlyCount "62"]
[EventDate "2004.10.02"]

1. d4 e5 2. dxe5 f6 3. exf6 Nxf6 4. Bg5 Bc5 5. e3 d5 6. Nf3 c6 7. Nbd2 O-O 8.
Be2 Bg4 9. O-O Nbd7 10. Nb3 Bb6 11. Nfd4 Bxe2 12. Qxe2 Qe8 13. Bxf6 Rxf6 14.
Rae1 Qf7 15. Nf3 Re8 16. c3 Rh6 17. h3 Qg6 18. Kh1 Nf6 19. c4 Nh5 20. Nh4 Qf6
21. Qg4 Re4 22. Qc8+ Qd8 23. Qxd8+ Bxd8 24. Nf5 Rf6 25. g4 dxc4 26. Nd2 Re8 27.
Nd4 Ba5 28. Rd1 Bxd2 29. gxh5 Ba5 30. Nc2 Rd8 31. Rxd8+ Bxd8 1/2-1/2

[Event "XXXI Corsicoscacchi FIDE"]
[Site "Corsico ITA"]
[Date "2004.10.02"]
[Round "1"]
[White "Di Fonzo, Valerio"]
[Black "Berni, Giorgio"]
[Result "0-1"]
[WhiteElo "2209"]
[BlackElo "2238"]
[PlyCount "56"]
[EventDate "2004.10.02"]

1. e4 c5 2. Nf3 e6 3. d4 cxd4 4. Nxd4 Nf6 5. Nc3 d6 6. Be2 a6 7. O-O Nbd7 8. f4
b5 9. a3 Bb7 10. Bf3 Rc8 11. Qe1 Rc4 12. Nb3 Qc7 13. Kh1 h6 14. h3 Rg8 15. Bd2
g5 16. e5 Bxf3 17. Rxf3 g4 18. hxg4 dxe5 19. fxe5 Nxg4 20. Bf4 Bg7 21. Nd5 exd5
22. e6 Rxf4 23. exd7+ Kxd7 24. Nc5+ Kc8 25. Ne6 fxe6 26. Qxe6+ Kb7 27. Rxf4
Qxf4 28. Qd7+ Kb8 0-1

[Event "XXXI Corsicoscacchi FIDE"]
[Site "Corsico ITA"]
[Date "2004.10.02"]
[Round "1"]
[White "Lapiccirella, Mattia"]
[Black "Molina, Fabrizio"]
[Result "0-1"]
[WhiteElo "2236"]
[BlackElo "2257"]
[PlyCount "76"]
[EventDate "2004.10.02"]

1. d4 d5 2. c4 e6 3. Nf3 c5 4. cxd5 exd5 5. e3 Nf6 6. Be2 Be7 7. O-O O-O 8.
dxc5 Ne4 9. Nbd2 Bxc5 10. Nb3 Bb6 11. Bd2 Nc6 12. Bc3 Nxc3 13. bxc3 Qf6 14.
Nbd4 Bg4 15. Qa4 Ne7 16. h3 Bxf3 17. Bxf3 Rac8 18. Rac1 Rc4 19. Qb3 Rfc8 20.
Rfd1 Qe5 21. Rd3 h5 22. Rcd1 g6 23. Ne2 R8c5 24. R1d2 Bc7 25. g3 h4 26. Qxb7
hxg3 27. Nxg3 Rxc3 28. Bxd5 Rxd3 29. Rxd3 Rxd5 30. Rxd5 Nxd5 31. Qxa7 Nxe3 32.
Qa8+ Kg7 33. Qe4 Qa1+ 34. Kh2 Nf1+ 35. Kg2 Nxg3 36. fxg3 Qxa2+ 37. Kf1 Qa1+ 38.
Kg2 Qb2+ 0-1

[Event "XXXI Corsicoscacchi FIDE"]
[Site "Corsico ITA"]
[Date "2004.10.02"]
[Round "1"]
[White "Pace, Pietro Dario"]
[Black "Zanetti, Alberto"]
[Result "0-1"]
[WhiteElo "2130"]
[BlackElo "2210"]
[PlyCount "82"]
[EventDate "2004.10.02"]

1. e4 d5 2. exd5 c6 3. d4 cxd5 4. Bd3 Nc6 5. c3 Nf6 6. Bf4 g6 7. Qc2 Nh5 8. Be3
Bg7 9. Nf3 O-O 10. h3 e5 11. dxe5 Nxe5 12. Be2 Nc4 13. Bg5 f6 14. Bc1 Qc7 15.
Qd1 Re8 16. b3 Nb6 17. Qd2 g5 18. O-O Nf4 19. Bb5 Bd7 20. Bxd7 Qxd7 21. Nd4 Re4
22. Qd1 Nxh3+ 23. gxh3 Qxh3 24. f4 Qg3+ 25. Kh1 Rae8 26. Qf3 Qh4+ 27. Kg2 Re1
28. Bd2 g4 29. Qf2 g3 30. Qg1 R1e2+ 31. Nxe2 Rxe2+ 32. Kf3 Qh5+ 33. Kxg3 Qg6+
34. Kh3 Qf5+ 35. Kg3 Qg6+ 36. Kh3 Qh5+ 37. Kg3 f5 38. Rf2 Re6 39. Rg2 Qg4+ 40.
Kf2 Qe2+ 41. Kg3 Rg6+ 0-1

[Event "XXXI Corsicoscacchi FIDE"]
[Site "Corsico ITA"]
[Date "2004.10.02"]
[Round "1"]
[White "Sbarra, Marco"]
[Black "Vancini, Edoardo"]
[Result "1-0"]
[WhiteElo "2231"]
[BlackElo "2288"]
[PlyCount "81"]
[EventDate "2004.10.02"]

1. d4 Nf6 2. c4 Nc6 3. Nc3 e5 4. d5 Ne7 5. e4 Ng6 6. a3 Bc5 7. Bd3 d6 8. b4 Bd4
9. Nge2 Ng4 10. Nxd4 exd4 11. Ne2 N6e5 12. O-O Qh4 13. Bf4 Qf6 14. Qd2 h6 15.
f3 g5 16. Bg3 Ne3 17. Rf2 N5xc4 18. Bxc4 Nxc4 19. Qxd4 Qxd4 20. Nxd4 a6 21. Rc2
b5 22. a4 Rb8 23. axb5 axb5 24. Nc6 Rb7 25. Ra8 Kd7 26. Bf2 Re8 27. g4 Ne5 28.
Kg2 Nd3 29. Rca2 Nxf2 30. Kxf2 Rb6 31. R2a7 Bb7 32. Rxe8 Kxe8 33. Na5 Bc8 34.
Ra8 Kd7 35. Nc6 Rb7 36. Na7 Rxa7 37. Rxa7 Kd8 38. Ra8 Kd7 39. Ke3 Kd8 40. Rb8
Kd7 41. Kd4 1-0

[Event "XXXI Corsicoscacchi FIDE"]
[Site "Corsico ITA"]
[Date "2004.10.02"]
[Round "2"]
[White "Berni, Giorgio"]
[Black "Molina, Fabrizio"]
[Result "1/2-1/2"]
[WhiteElo "2238"]
[BlackElo "2257"]
[PlyCount "54"]
[EventDate "2004.10.02"]

1. e4 e6 2. d4 d5 3. e5 c5 4. c3 Nc6 5. Nf3 Bd7 6. a3 f6 7. Bd3 fxe5 8. dxe5
Qc7 9. Bf4 Nh6 10. Qe2 Nf7 11. h4 O-O-O 12. Nbd2 c4 13. Bc2 Bc5 14. O-O Kb8 15.
b3 cxb3 16. Nxb3 Bb6 17. c4 dxc4 18. Qxc4 Ne7 19. Qxc7+ Bxc7 20. Nc5 Bc8 21.
Be4 Nd5 22. Nd4 Bb6 23. Bxd5 Rxd5 24. Ndxe6 Bxc5 25. Nxc5 Rxc5 26. e6+ Ka8 27.
exf7 Rf5 1/2-1/2

[Event "XXXI Corsicoscacchi FIDE"]
[Site "Corsico ITA"]
[Date "2004.10.02"]
[Round "2"]
[White "Di Fonzo, Valerio"]
[Black "Sbarra, Marco"]
[Result "1/2-1/2"]
[WhiteElo "2209"]
[BlackElo "2231"]
[PlyCount "31"]
[EventDate "2004.10.02"]

1. e4 c5 2. Nf3 Nc6 3. d4 cxd4 4. Nxd4 e6 5. Nb5 d6 6. c4 Nf6 7. N5c3 Be7 8.
Be2 O-O 9. O-O b6 10. Be3 Bb7 11. Nd2 d5 12. exd5 exd5 13. cxd5 Nb4 14. Bf3
Nbxd5 15. Nxd5 Bxd5 16. Qa4 1/2-1/2

[Event "XXXI Corsicoscacchi FIDE"]
[Site "Corsico ITA"]
[Date "2004.10.02"]
[Round "2"]
[White "Vancini, Edoardo"]
[Black "Pace, Pietro Dario"]
[Result "0-1"]
[WhiteElo "2288"]
[BlackElo "2130"]
[PlyCount "53"]
[EventDate "2004.10.02"]

1. Nf3 Nf6 2. g3 d5 3. Bg2 c5 4. c4 d4 5. b4 cxb4 6. a3 b3 7. d3 Nc6 8. Nbd2 e5
9. O-O Nd7 10. e3 Nc5 11. Nxb3 Nxb3 12. Qxb3 Be7 13. exd4 exd4 14. Re1 O-O 15.
Ne5 Nxe5 16. Rxe5 a6 17. Bd2 Bf6 18. Rd5 Qe8 19. Re1 Be6 20. Bb4 Qc8 21. Bxf8
Bxd5 22. Bxd5 Qxf8 23. Qxb7 Rd8 24. Qxa6 Qc5 25. Qb7 Rf8 26. a4 Qa5 27. Qxf7+
0-1

[Event "XXXI Corsicoscacchi FIDE"]
[Site "Corsico ITA"]
[Date "2004.10.02"]
[Round "2"]
[White "Zanetti, Alberto"]
[Black "Lapiccirella, Mattia"]
[Result "1/2-1/2"]
[WhiteElo "2210"]
[BlackElo "2236"]
[PlyCount "70"]
[EventDate "2004.10.02"]

1. Nf3 c5 2. b3 Nf6 3. Bb2 e6 4. c4 b6 5. g3 Bb7 6. Bg2 Be7 7. O-O O-O 8. Nc3
a6 9. d4 cxd4 10. Qxd4 d6 11. e4 Qc7 12. h3 Nbd7 13. Rfd1 Rfd8 14. Qe3 Rac8 15.
g4 Qb8 16. Nd4 Bf8 17. Rd2 Qa8 18. g5 Ne8 19. Kh1 g6 20. f4 e5 21. Nf3 exf4 22.
Qxf4 Ng7 23. Nd5 Nh5 24. Qe3 Bxd5 25. Rxd5 Re8 26. Nd2 Qb8 27. a4 Rc5 28. Rf1
Ne5 29. Bd4 Rxd5 30. cxd5 b5 31. a5 Bg7 32. Kh2 Qc8 33. Bf3 Nxf3+ 34. Nxf3 Qc2+
35. Nd2 Qxd2+ 1/2-1/2

[Event "XXXI Corsicoscacchi FIDE"]
[Site "Corsico ITA"]
[Date "2004.10.03"]
[Round "3"]
[White "Lapiccirella, Mattia"]
[Black "Vancini, Edoardo"]
[Result "1/2-1/2"]
[WhiteElo "2236"]
[BlackElo "2288"]
[PlyCount "134"]
[EventDate "2004.10.02"]

1. d4 e6 2. e4 d5 3. Nd2 Be7 4. Bd3 c5 5. exd5 exd5 6. dxc5 Nd7 7. Nb3 Nxc5 8.
Nxc5 Bxc5 9. Nf3 Nf6 10. O-O O-O 11. c3 h6 12. h3 a5 13. Bf4 Qb6 14. Qc2 Re8
15. Be5 Ne4 16. Bd4 Qc7 17. Bxc5 Nxc5 18. Rfe1 Bd7 19. Nd4 Qf4 20. Bh7+ Kh8 21.
Bf5 Bc6 22. g3 Qd6 23. Rad1 g6 24. Bd3 Bd7 25. Bf1 Re5 26. Rxe5 Qxe5 27. Qd2
Kh7 28. Nc2 Be6 29. Qd4 Qc7 30. Ne3 Rd8 31. c4 Ne4 32. Nxd5 Bxd5 33. cxd5 Qc2
34. Bg2 Nd6 35. Rd2 Qb1+ 36. Kh2 Qxa2 37. Qf6 Rd7 38. h4 Qb1 39. Bh3 Ne4 40.
Qf4 Nxd2 41. Bxd7 Qxb2 42. Qxf7+ Qg7 43. Qe8 Qf6 44. f4 Nf3+ 45. Kg2 Nd4 46.
Be6 h5 47. Qg8+ Kh6 48. Qa8 b6 49. Kh2 a4 50. Qxa4 Nxe6 51. dxe6 Qxe6 52. Qa1
Kh7 53. Qa7+ Kg8 54. Qb8+ Kf7 55. Qc7+ Kf6 56. Qc3+ Ke7 57. Qc7+ Ke8 58. Qb8+
Ke7 59. Qc7+ Kf8 60. Qb8+ Kg7 61. Qa7+ Kh6 62. Qa1 Qe2+ 63. Kh3 Qe8 64. Qf6
Qc8+ 65. Kh2 Qc2+ 66. Kg1 Qc1+ 67. Kf2 Qd2+ 1/2-1/2

[Event "XXXI Corsicoscacchi FIDE"]
[Site "Corsico ITA"]
[Date "2004.10.03"]
[Round "3"]
[White "Molina, Fabrizio"]
[Black "Zanetti, Alberto"]
[Result "1/2-1/2"]
[WhiteElo "2257"]
[BlackElo "2210"]
[PlyCount "125"]
[EventDate "2004.10.02"]

1. c4 c5 2. Nc3 Nf6 3. g3 d5 4. cxd5 Nxd5 5. Bg2 Nc7 6. Nf3 Nc6 7. O-O e5 8. d3
Be7 9. Nd2 O-O 10. Nc4 f6 11. f4 exf4 12. Bxf4 Be6 13. Ne3 Qd7 14. Qa4 Rfd8 15.
Rac1 Bf8 16. Kh1 Rac8 17. Bxc7 Qxc7 18. Qh4 Nd4 19. Be4 h6 20. Rf2 Qf7 21. Ng4
f5 22. e3 Qe7 23. Qxe7 Bxe7 24. Bxb7 Rc7 25. Bg2 fxg4 26. exd4 cxd4 27. Ne2
Rxc1+ 28. Nxc1 Bg5 29. Rc2 Be3 30. b3 Bf5 31. Bf1 Rc8 32. Rxc8+ Bxc8 33. Ne2 g5
34. Bg2 Kf7 35. Be4 h5 36. Kg2 Kf6 37. Ng1 Be6 38. h4 gxh3+ 39. Nxh3 g4 40. Nf2
Kg5 41. Nd1 Bc1 42. Bc6 h4 43. Nf2 hxg3 44. Kxg3 Bf4+ 45. Kg2 Kh4 46. Ne4 g3
47. Nc5 Bh3+ 48. Kh1 Bd6 49. b4 a5 50. a3 Bxc5 51. bxc5 Kg5 52. Bb7 Kf4 53. c6
Ke3 54. Kg1 Kxd3 55. c7 Kc3 56. c8=Q+ Bxc8 57. Bxc8 d3 58. Kg2 Kb3 59. Kxg3
Kxa3 60. Kf2 Kb2 61. Ke3 Kc3 62. Bd7 d2 63. Ba4 1/2-1/2

[Event "XXXI Corsicoscacchi FIDE"]
[Site "Corsico ITA"]
[Date "2004.10.03"]
[Round "3"]
[White "Pace, Pietro Dario"]
[Black "Di Fonzo, Valerio"]
[Result "1/2-1/2"]
[WhiteElo "2130"]
[BlackElo "2209"]
[PlyCount "79"]
[EventDate "2004.10.02"]

1. e4 e5 2. Nf3 Nc6 3. Nc3 Nf6 4. Bb5 Bc5 5. d3 d6 6. Bg5 a6 7. Ba4 h6 8. Bxf6
Qxf6 9. Nd5 Qd8 10. c3 b5 11. Bc2 O-O 12. d4 Ba7 13. Ne3 Qf6 14. O-O Ne7 15.
dxe5 dxe5 16. Nd5 Nxd5 17. Qxd5 Bg4 18. Qxe5 Bxf3 19. Qxf6 gxf6 20. gxf3 Rfd8
21. Rfd1 Kf8 22. a4 Rxd1+ 23. Rxd1 Ke7 24. Bb3 bxa4 25. Bxa4 Rd8 26. Rxd8 Kxd8
27. Kg2 a5 28. f4 Ke7 29. Kg3 Kf8 30. Bb3 Bc5 31. h3 Kg7 32. Bc2 Bb6 33. Kf3
Kf8 34. Ke2 Ke7 35. f3 Bg1 36. Kd3 Bh2 37. f5 Bf4 38. Bb3 Bc1 39. Kc2 Bf4 40.
Bd5 1/2-1/2